000
00290nam a2200097Ia 4500
008
190216s9999||||xx |||||||||||||| ||und||
100
_a
Manorama Publication
245
0
_a
"Manorama Year Book 1968,1985,1986,1990,1991,1992,1970,1971"
260
_b
Manorama Publishing House
_c
1968
942
_c
REF
999
_c
35421
_d
35421